Top 50 des jeux vidéos les plus vendues - Statistiques

Statistiques générales
  • Ce quiz a été pris 546 fois
  • Le résultat moyen est 21 sur 57
Statistiques - réponses
classement ventes Réponse % Correct
37 25 millions Grand Theft Auto IV
85%
28 27,5 millions Grand Theft Auto: San Andreas
85%
2 175 millions GTA V
85%
1 238 millions Minecraft
85%
32 26,2 millions Call of Duty: Black Ops
78%
38 24,2 millions Call of Duty: Black Ops II
78%
23 30 millions Call of Duty: Modern Warfare
77%
48 22,7 millions Call of Duty: Modern Warfare 2
77%
31 26,5 millions Call of Duty: Modern Warfare 3
77%
39 24 millions FIFA 18
74%
6 60 millions Mario Kart 8 / Deluxe
68%
15 37 millions Mario Kart Wii
68%
3 100 millions Tetris
57%
16 35 millions Tetris(gameboy)
57%
19 30,7 millions The Legend of Zelda: Breath of the Wild
56%
35 25,2 millions Pokémon Diamant / Perle / Platine
50%
49 20,61 millions Pokémon Écarlate / Violet
50%
33 25,7 millions Pokémon Épée / Bouclier
50%
21 30,1 millions Pokémon Or / Argent / Cristal
50%
8 47 millions Pokémon Rouge / Bleu / Vert / Jaune
50%
46 23,28 millions Pokémon Rubis / Saphir / Émeraude
50%
34 25,4 millions Pokémon Soleil / Lune / Ultra-Soleil / Ultra-Lune
50%
4 83millions wii sport
42%
17 33 millions Wii Sports Resort
42%
18 31 millions New Super Mario Bros.
41%
44 23,64 millions New Super Mario Bros. U / Luigi U / Deluxe
41%
20 30,3 millions New Super Mario Bros. Wii
41%
11 43 millions Super Mario Bros
41%
43 23,7 millions Super Mario Bros. 3
41%
7 50 millions Red Dead Redemption II
37%
47 23 millions God of War
33%
41 23,98 millions Sonic the Hedgehog
33%
12 42 millions Animal Crossing: New Horizons
30%
50 20 millions The Last of Us
26%
22 30,4 millions Super Smash Bros Ultimate
24%
30 26,6 millions Super Mario World
19%
23 30 millions The Elder Scrolls V: Skyrim
19%
50 20 millions Elden Ring
17%
5 75 millions PUBG
17%
13 40 millions The Witcher 3: Wild Hunt
14%
36 25,1 millions Super Mario Odyssey
10%
23 30 millions Diablo III
9%
42 23,96 millions Nintendogs
9%
50 20 millions Cyberpunk 2077
8%
50 20 millions Garry's Mod
7%
9 45 millions Terraria
7%
10 44 millions Wii Fit
7%
50 20 millions Monster Hunter: World
5%
27 28 millions Wii Play
5%
26 28,3 millions Duck Hunt
4%
50 20 millions Horizon Zero Dawn
4%
29 27 millions Borderlands 2
3%
13 40 millions Human: Fall Flat
3%
39 24 millions Kinect Adventures
2%
50 20 millions Dying Light
1%
45 23,60 millions Mario Kart DS
1%
50 20 millions Stardew Valley
1%
Aucun quiz correspondant
Distribution des résultats
% des personnes avec chaque résultat
Percentile par nombre de réponses
Votre historique - résultats
Vous n’avez pas pris ce quiz